MLB teams by Hint - Statistics

General Stats
  • This quiz has been taken 125 times
    113 since last reset
  • The average score is 24 of 30
Answer Stats
Hint Answer % Correct
Blue Bird Blue Jays
100%
Red Bird Cardinals
98%
Big Person Giants
95%
Color Reds
95%
Swordfish Marlins
91%
Person who lives in India Indians
87%
Black and Orange Bird Orioles
86%
A short name for an astronaut Astros
85%
Name of one of the leagues in the MLB Nationals
85%
Two siblings who are born same year, same day, etc Twins
84%
When you don't fear something you are _____ Braves
83%
A nickname for the north in the civil war Yankees
82%
A name for the largest mountain range in USA Rockies
80%
The king and queen Royals
80%
Predator in Asia and Africa Tigers
80%
Baby Animal Cubs
79%
A Sailor Mariners
79%
People who travel at sea to steal stuff Pirates
79%
Holy person Angels
78%
Spanish Priest Padres
78%
Flat Fish Rays
78%
If you are good at sports you are ________ Athletics
77%
Someone who makes beer Brewers
77%
A type of rattlesnake Diamondbacks
77%
Short for Metropolitans Mets
76%
Someone who is the head of the park Rangers
71%
People who didn't go to war were known as Draft _________ Dodgers
68%
Nickname for old US capital Phillies
64%
Something you put on your feet Sox
61%
Celebration for Canada in 1962 Expos
14%
No matching quizzes found
Score Distribution
Percent of People with Each Score
Percentile by Number Answered
Your Score History
You have not taken this quiz since the last reset